000 00287nam a2200109Ia 4500
008 200302s9999 xx 000 0 und d
100 _aDoreen Yarwook
245 _aA Chronology of Western Architecture
260 _bDover Publication Inc mineola /New Yark
260 _c2010
300 _a224
999 _c3328
_d3328